000 00437nam a22001697a 4500
003 NUST - PNEC
005 20170116180832.0
008 150801b xxu||||| |||| 00| 0 eng d
020 _a9971511487
040 _cLIBRARY
082 _a519.4 ATK
100 _94669
_a Atkinson, Kendall
245 _a Elementary numerical analysis
_c Kendall , Atkinson
250 _a2th ed
650 _94671
_aNumerical analysis
_xME
942 _2ddc
_cBK
999 _c64043
_d64043